000 02607nam a2200445 c 4500
003 BLK
005 20230802133904.0
008 180412b bul|||||r ||||||| ||bul||
010 _aKNG00012680000
020 _a954-8560-02-Х
_bиздат.: Парнас
040 _aBLK
041 _aBUL
_cBUL
080 _aБългарска литература в основното училище. Методика на обучението
_b373.3.016:821.163.2
_x(075.2)
_z373.3.016:821.163.2(075.2)
080 _aЛитературна дейност. Редактиране. Култура на речта. Стилистика. Литературна техника
_b808
_x(075.2)
_z808(075.2)
100 1 _aБратанов, Иво Маринов
_eпърви автор
_9251538
700 _aБратанова, Звезделина Йорданова
_d1965-
_9256205
700 1 _aЖивкова, Татяна
_9364468
700 1 _aНейчева, Мая
_9256206
700 1 _aНиколова, Весела
_9256207
139 _aРазработки по литература
_bР 25
245 1 0 _aРазработки по литература
_bЗа седмокласници и кандидат-гимназисти
_cИво Маринов Братанов; Звезделина Братанова; Татяна Живкова; Мая Нейчева; Весела Николова.
250 _a[2. изд.]
257 _aBGR
260 Русе
_bПарнас
_c1996
300 _a127 с.
_c24 см
380 _a3
500 _aДруги авт.: Зв. Братанова, Т. Живкова, М. Нейчева, В. Николова. - 1. изд. 1995. - 3 025 тир. Съдържа: Подробен преразказ ; Подборен преразказ ; Сбит преразказ ; Преразказ с елементи на разсъждение ; Отговор на литературен въпрос ; Интерпретации.
650 4 _aБългарска литература - учебни помагала
_9242720
650 4 _aСъчинения по литература - методика - учебни помагала
_9243596
653 _aлитература
653 _aлитературни анализи
653 _aVІІ кл.
653 _aкандидат-гимназисти
852 _aЦб 188803
856 4 _qpdf
_u
856 4 _qpdf
_u
942 _cKNG
_n0
944 _aCR
_c04.03.2003
_lТеодора Пейчева-Дянкова
_k30556
944 _aED
_c01.09.2015
_lф /
_kЛюдмила_Стоянова
999 _c11156
_d11156